All United States Chief Justices of the Supreme Court - Statistics

General Stats
  • This quiz has been taken 103 times
  • The average score is 9 of 17
Answer Stats
Hint Answer % Correct
2005-Current John Roberts
89%
1801-1835 John Marshall
83%
1789-1795 John Jay
80%
1953-1969 Earl Warren
74%
1836-1864 Roger B. Taney
74%
1969-1986 Warren E. Burger
72%
1986-2005 William Rehnquist
70%
1921-1930 William Howard Taft
69%
1946-1953 Fred M. Vinson
48%
1864-1873 Salmon P. Chase
48%
1930-1941 Charles Evans Hughes
41%
1795-1795 John Rutledge
37%
1941-1946 Harlan F. Stone
35%
1910-1921 Edward Douglass White
31%
1796-1800 Oliver Ellsworth
31%
1888-1910 Melville Fuller
26%
1874-1888 Morrison Waite
22%
No matching quizzes found
Score Distribution
Percent of People with Each Score
Percentile by Number Answered
Your Score History
You have not taken this quiz